[Event "Suvorov"]
[Site "Suvorov"]
[Date "2012.06.27"]
[Round "13"]
[White "Moiseev, Viktor"]
[Black "Arkhipov, Vladimir P"]
[Result "1-0"]
[WhiteElo "2418"]
[BlackElo "2318"]
[PlyCount "132"]
[EventDate "2012.06.19"]
[EventType "tourn"]
[EventRounds "15"]
[EventCountry "RUS"]
[EventCategory "6"]
[SourceTitle "EXT 2013"]
[Source "ChessBase"]
[SourceDate "2012.11.22"]
[SourceVersion "1"]
[SourceVersionDate "2012.11.22"]
[SourceQuality "1"]

1. d4 d5 2. c4 dxc4 3. Nf3 Nf6 4. e3 e6 5. Bxc4 c5 6. 0-0 cxd4 7. Qxd4 Qxd4 8. Nxd4 a6 9. Nc3 b5 10. Be2 Bb7 11. Bd2 Nbd7 12. Rfc1 Bc5 13. Nb3 Bb6 14. Nd1 0-0 15. a4 bxa4 16. Rxa4 Ne4 17. Be1 Nec5 18. Nxc5 Bxc5 19. Bb4 Bxb4 20. Rxb4 Bc8 21. Bf3 Rb8 22. Rxb8 Nxb8 23. Nc3 Bd7 24. Be2 Rc8 25. Ra1 Rc6 26. f4 Rb6 27. Ra2 Kf8 28. Bc4 Ke7 29. Kf2 Bc6 30. e4 Bb7 31. Ke3 Nd7 32. b3 f6 33. Na4 Rc6 34. g3 Bc8 35. h4 Bb7 36. g4 h6 37. Rg2 Bc8 38. g5 hxg5 39. hxg5 f5 40. exf5 exf5 41. Rh2 Nf8 42. Nc3 Be6 43. Nd5+ Bxd5 44. Bxd5 Rb6 45. Bc4 Ne6 46. Rd2 Nc5 47. Rd5 Nxb3 48. Re5+ Kd7 49. Rxf5 Ke8 50. Re5+ Kf8 51. Rd5 a5 52. Rd8+ Ke7 53. Rg8 g6 54. Rg7+ Kf8 55. Rf7+ Ke8 56. Ra7 Kf8 57. Bd5 Nc5 58. Rxa5 Ne6 59. Ra7 Ke8 60. Bc4 Kf8 61. Rd7 Ke8 62. Rh7 Rd6 63. Bb3 Kf8 64. Ke4 Rb6 65. Bd5 Ng7 66. Ke5 Rb1 1-0

[Event "Suvorov"]
[Site "Suvorov"]
[Date "2012.06.26"]
[Round "12"]
[White "Arkhipov, Vladimir P"]
[Black "Kurilin, Alexander"]
[Result "0-1"]
[WhiteElo "2318"]
[BlackElo "2259"]
[PlyCount "106"]
[EventDate "2012.06.19"]
[EventType "tourn"]
[EventRounds "15"]
[EventCountry "RUS"]
[EventCategory "6"]
[SourceTitle "EXT 2013"]
[Source "ChessBase"]
[SourceDate "2012.11.22"]
[SourceVersion "1"]
[SourceVersionDate "2012.11.22"]
[SourceQuality "1"]

1. b3 Nf6 2. Bb2 g6 3. e4 Bg7 4. f4 0-0 5. d3 d5 6. e5 Ng4 7. Qe2 c5 8. h3 Nh6 9. g4 f6 10. Nf3 Nc6 11. Bg2 Nf7 12. e6 Nd6 13. 0-0 d4 14. c3 f5 15. cxd4 cxd4 16. Ne5 Nxe5 17. fxe5 Nb5 18. gxf5 Rxf5 19. Rxf5 gxf5 20. Nd2 Bxe6 21. Nf3 Rc8 22. Qf2 Bh6 23. Nxd4 Nxd4 24. Bxd4 Rc2 25. Qg3+ Bg7 26. Bf2 Rxf2 27. Qxf2 Bxe5 28. Re1 Bd4 29. Re3 Qb6 30. Qg3+ Kf7 31. Kf2 Qa5 32. Kf1 Bxe3 33. Qxe3 Qxa2 34. Bxb7 Bxb3 35. Bf3 Qb1+ 36. Kf2 Qb2+ 37. Kf1 a5 38. Bh5+ Kf8 39. Qh6+ Qg7 40. Qf4 Qa1+ 41. Kf2 a4 42. d4 Qb2+ 43. Be2 Qc2 44. Qh6+ Ke8 45. Qh5+ Kd7 46. Qf3 Qe4 47. Qc3 f4 48. Bb5+ Ke6 49. Bc4+ Bxc4 50. Qxc4+ Kf6 51. Qxa4 Qe3+ 52. Kg2 Qe2+ 53. Kh1 f3 0-1

[Event "Suvorov"]
[Site "Suvorov"]
[Date "2012.06.24"]
[Round "8"]
[White "Arkhipov, Vladimir P"]
[Black "Tishin, Petr"]
[Result "0-1"]
[WhiteElo "2318"]
[BlackElo "2420"]
[PlyCount "123"]
[EventDate "2012.06.19"]
[EventType "tourn"]
[EventRounds "15"]
[EventCountry "RUS"]
[EventCategory "6"]
[SourceTitle "EXT 2013"]
[Source "ChessBase"]
[SourceDate "2012.11.22"]
[SourceVersion "1"]
[SourceVersionDate "2012.11.22"]
[SourceQuality "1"]

1. Nf3 Nf6 2. c4 c5 3. g3 g6 4. Bg2 Bg7 5. Nc3 0-0 6. 0-0 d6 7. d4 Nc6 8. d5 Na5 9. Qd3 Bd7 10. Bd2 a6 11. e4 b5 12. b3 Rb8 13. Rab1 Qc7 14. Rfc1 Rb7 15. Qe2 Ng4 16. h3 Ne5 17. Nxe5 Bxe5 18. cxb5 axb5 19. Qf3 b4 20. Nd1 Ra8 21. Ne3 Qc8 22. h4 h5 23. Bf1 Qe8 24. Rc2 Rba7 25. Qe2 Nb7 26. Bc1 Bd4 27. Kh2 Ra5 28. Nc4 Bb5 29. Bb2 Rxa2 30. Bxd4 Rxc2 31. Qxc2 cxd4 32. Qd2 Nc5 33. Qxd4 Bxc4 34. Bxc4 Qc8 35. e5 Nd7 36. exd6 exd6 37. Re1 Ne5 38. Kg2 Qf5 39. Qe4 Qxe4+ 40. Rxe4 Ra3 41. Re2 Kg7 42. Rb2 Kf6 43. Be2 Nd7 44. Kf3 Ke5 45. Ke3 Nc5 46. Bc4 Ra1 47. Re2 Rb1 48. Kd2+ Kd4 49. Kc2 Rg1 50. Re7 f5 51. Re2 f4 52. gxf4 Rh1 53. f3 Rxh4 54. Rg2 Rxf4 55. Rxg6 Rxf3 56. Rh6 Nb7 57. Rxh5 Rc3+ 58. Kb2 Na5 59. Rh4+ Kc5 60. Bf1 Rxb3+ 61. Kc1 Rf3 62. Ba6 0-1

[Event "Suvorov"]
[Site "Suvorov"]
[Date "2012.06.22"]
[Round "6"]
[White "Arkhipov, Vladimir P"]
[Black "Abbasov, Farid"]
[Result "0-1"]
[WhiteElo "2318"]
[BlackElo "2515"]
[PlyCount "76"]
[EventDate "2012.06.19"]
[EventType "tourn"]
[EventRounds "15"]
[EventCountry "RUS"]
[EventCategory "6"]
[SourceTitle "EXT 2013"]
[Source "ChessBase"]
[SourceDate "2012.11.22"]
[SourceVersion "1"]
[SourceVersionDate "2012.11.22"]
[SourceQuality "1"]

1. Nf3 c5 2. g3 Nc6 3. Bg2 g6 4. 0-0 Bg7 5. d3 Nf6 6. e4 0-0 7. Nc3 d6 8. h3 Rb8 9. Be3 b5 10. a3 a5 11. Qd2 b4 12. axb4 axb4 13. Ne2 Bd7 14. Nh4 Qb6 15. f4 Ra8 16. Rxa8 Rxa8 17. e5 Ne8 18. d4 cxd4 19. Nxd4 Qc7 20. Rd1 Rc8 21. Nxc6 Bxc6 22. Bxc6 Qxc6 23. Qxb4 dxe5 24. c3 Nd6 25. fxe5 Bxe5 26. Bf4 Bxf4 27. Qxf4 Qb6+ 28. Qf2 Qxf2+ 29. Kxf2 Rb8 30. Nf3 Rxb2+ 31. Ke3 Nf5+ 32. Kf4 Rc2 33. Rd3 f6 34. Nd2 Kf7 35. g4 Ng7 36. Kg3 Ne6 37. Nf3 Nc5 38. Re3 Rxc3 0-1

[Event "Suvorov"]
[Site "Suvorov"]
[Date "2012.06.19"]
[Round "1"]
[White "Biriukov, Ilja"]
[Black "Arkhipov, Vladimir P"]
[Result "1-0"]
[WhiteElo "2398"]
[BlackElo "2318"]
[PlyCount "79"]
[EventDate "2012.06.19"]
[EventType "tourn"]
[EventRounds "15"]
[EventCountry "RUS"]
[EventCategory "6"]
[SourceTitle "EXT 2013"]
[Source "ChessBase"]
[SourceDate "2012.11.22"]
[SourceVersion "1"]
[SourceVersionDate "2012.11.22"]
[SourceQuality "1"]

1. d4 Nf6 2. Bg5 e6 3. e4 h6 4. Bxf6 Qxf6 5. c3 d6 6. Bd3 e5 7. Ne2 g6 8. 0-0 Bg7 9. f4 Qe7 10. Nd2 0-0 11. Nf3 Nc6 12. b4 Bg4 13. b5 Nb8 14. h3 Bxf3 15. Rxf3 a6 16. a4 axb5 17. axb5 Nd7 18. Rc1 Rfe8 19. Qb3 Nf6 20. Rcf1 exd4 21. e5 dxe5 22. fxe5 Qxe5 23. Nxd4 Kf8 24. Bc4 Qe7 25. Bd5 Nxd5 26. Rxf7+ Qxf7 27. Rxf7+ Kxf7 28. Qxd5+ Ke7 29. Qxb7 Ra1+ 30. Kf2 Bxd4+ 31. cxd4 Rc1 32. Qe4+ Kd7 33. Qxg6 Re6 34. Qf7+ Re7 35. Qf5+ Kd8 36. Qf8+ Kd7 37. Qxh6 Rc2+ 38. Kg1 Ree2 39. Qg7+ Kc8 40. h4 1-0